Co-gasification of plastic waste and refinery residue from the hydrocracking unit
Gespeichert in:
| 1. Verfasser: | |
|---|---|
| Weitere Verfasser: | |
| Format: | Manuskript Buch |
| Sprache: | Slowakisch Englisch |
| Veröffentlicht: |
2021
|
| Schlagworte: | |
| Online-Zugang: | http://is.stuba.sk/zp/portal_zp.pl?podrobnosti=160856 |
| Tags: |
Keine Tags, Fügen Sie das erste Tag hinzu!
|
MARC
| LEADER | 00000ntm a22000003a 4500 | ||
|---|---|---|---|
| 001 | stuzp84360 | ||
| 003 | SK-STU | ||
| 005 | 20210605210616.0 | ||
| 007 | ta | ||
| 008 | 150427s2015----xo-----f-mn---000-0-slo-d | ||
| 040 | |a STU |b slo | ||
| 041 | 0 | |a eng | |
| 100 | 1 | |a Huseynzade, Dilavar |u 046230 |4 aut |U FCHPT Ústav chemického a environmentálneho inžinierstva |T FCHPT Oddelenie chemického a biochemického inžinierstva |X 106797 |U C6230 |Y 119 |7 106797 | |
| 242 | 0 | 1 | |a Súčasné splyňovanie plastového odpadu a rafinérskeho zvyšku z jednotky hydrogenačného krakovania |y slo |
| 245 | 1 | 0 | |a Co-gasification of plastic waste and refinery residue from the hydrocracking unit |
| 260 | |c 2021 | ||
| 650 | 4 | |a splyňovanie odpadu |2 slo | |
| 650 | 4 | |a plastový odpad |2 slo | |
| 650 | 4 | |a ropný koks |2 slo | |
| 650 | 4 | |a čistenie kyslými plynmi |2 slo | |
| 650 | 4 | |a výroba elektriny |2 slo | |
| 650 | 4 | |a petroleum coke |2 eng | |
| 650 | 4 | |a plastic waste |2 eng | |
| 650 | 4 | |a acid-gas cleaning |2 eng | |
| 650 | 4 | |a electricity production |2 eng | |
| 650 | 4 | |a waste gasification |2 eng | |
| 700 | 1 | |a Haydary, Juma |u 046230 |k Z1 |4 ths |U FCHPT Ústav chemického a environmentálneho inžinierstva |T FCHPT Oddelenie chemického a biochemického inžinierstva |X 3923 |U C6230 |Y 119 |7 A000003923 | |
| 856 | 4 | |u http://is.stuba.sk/zp/portal_zp.pl?podrobnosti=160856 | |